000 00670nam a2200265Ia 4500
003 OSt
005 20221007065115.0
006 a|||||r|||| 00| 0
007 ta
008 221006b |||||||| |||| 00| 0 eng d
020 _a8175342633
024 _a5,424
037 _cTextual
040 _aFLL
_cFLL
_beng
041 _2eng
_aeng
082 _aZ,91, K6
100 _aFitzerald P.J. Au.
_9686657
245 0 _aSalmond on jurisprudence
250 _a12th
260 _aDelhi
_bUniversal India
_c1966
300 _axv,481p
_ccm.
650 _aJurisprudence
942 _hZ,91, K6
_cTEXL
_2CC
999 _c1136316
_d1136316